000 00734nam a22002417a 4500
003 UA-OsUOA
001 80835
007 ta
008 20111226b un ||||| |||| 00| 0 ukr d
100 _aЗбожна О.
090 _a061.21(477):37
_bЗ-41
942 _cBK
040 _aUA-OsUOA
_bukr
_cUA-OsUOA
_dUA-OsUOA
245 _aУчнівські та студентські "Громади" - школа виховання української національної еліти
300 _a188 с.
955 _a1
041 _aukr
080 _a061.21(477):37
020 _a966-8452-03-8
260 _aТернопіль
_bГорлиця
_c2003
650 7 _a0 Загальний відділ.
_2UDC
999 _c367184
_d367184